Magisterio y niño
Збережено в:
| Формат: | Книга |
|---|---|
| Мова: | Іспанська |
| Опубліковано: |
Santiago
Andrés Bello
1979
|
| Предмети: | |
| Теги: |
Додати тег
Немає тегів, Будьте першим, хто поставить тег для цього запису!
|
MARC
| LEADER | 00000cam a2200000 a 4500 | ||
|---|---|---|---|
| 001 | UCW4915 | ||
| 003 | CL-VaPUC | ||
| 008 | 901003e19790000CL |||||||||||||||||spa|d | ||
| 082 | 0 | 4 | |a Ch863 |b MIS |2 21 |
| 245 | 1 | 0 | |a Magisterio y niño |
| 300 | |a 289 p | ||
| 942 | |c BK | ||
| 945 | |d 19901003 00:00:00 | ||
| 260 | |a Santiago |b Andrés Bello |c 1979 | ||
| 650 | 0 | |a Prosa chilena |9 267787 | |
| 650 | 0 | |a Filosofía de la educación |9 258384 | |
| 583 | |a last modification |c 20170911 03:21:28 |k Rodrigo Vera | ||
| 999 | |c 218489 |d 218487 | ||
| 952 | |0 0 |1 0 |4 0 |6 CH_863_000000000000000_MIS_1979 |7 0 |8 A |9 208148 |a BIBEDU |b BIBEDU |c ES_NOD |d 2019-11-15 |i 2760274 |o Ch863 MIS 1979 |p 2760274 |r 2023-08-09 |w 2019-11-15 |y BK |k LIT | ||
| 952 | |0 0 |1 0 |4 0 |6 CH_863_000000000000000_MIS_1979 |7 0 |8 A |9 208150 |a BIBEDU |b BIBEDU |c ES_NOD |d 2019-11-15 |i 2760290 |o Ch863 MIS 1979 |p 2760290 |r 2023-08-09 |w 2019-11-15 |y BK |k LIT | ||
| 952 | |0 0 |1 0 |3 erb |4 0 |6 CH_863_000000000000000_MIS_1979 |7 0 |8 A |9 208152 |a BIBEDU |b BIBEDU |c ES_NOD |e Valenzuela Fuenzalida, Alvaro Miguel, 1932- |i 5203279 |o Ch863 MIS 1979 |p 5203279 |r 2023-08-09 |w 2019-11-15 |y BK |z Catalogado en:20150827 |k LIT | ||